banner-ar

سيناء عبر العصور : (Record no. 59784)

MARC details
000 -الفاتح
حقل البيانات ثابتة الطول 00751nam a22001937a 4500
005 - وقت وتاريخ اخر تعامل مع التسجيلة
رقم الضبط 20240530110336.0
008 - عناصر البيانات ثابتة الطول - معلومات عامة
حقل البيانات ثابتة الطول 140907s2008 au bo g 000 0 ara d
040 ## - مصدر الفهرسة
وكالة الفهرسة الأصلية EG-CaGPL
082 04 - رقم تصنيف ديوى العشرى
رقم الطبعة 21
رقم التصنيف 962.39
رقم المادة ق/ا س
100 0# - المدخل الرئيسى - إسم شخصى
الإسم الشخصى انجى فايد
الدور معد
245 ## - بيان العنوان
العنوان سيناء عبر العصور :
بقية العنوان سانت كاترين والدير /
بيان المسئوليه,etc اعداد وتحرير انجى فايد ؛ تقديم زاهى حواس
260 ## - PUBLICATION, DISTRIBUTION, ETC. (IMPRINT)
تاريخ النشر أو التوزيع 2008
300 ## - الوصف المادى
التعداد 127 ص :
تفاصيل ماديه اخرى للوعاء ايض صور لو ؛
أبعاد الوعاء 30 سم
650 04 - المدخل الاضافى بالموضوع-مصطلح موضوعى
مصطلح موضوعي دير سانت كاترين
650 04 - المدخل الاضافى بالموضوع-مصطلح موضوعى
مصطلح موضوعي سيناء
التقسيم الفرعي العام اثار
700 0# - المدخل الاضافى - اسم شخصى
الإسم الشخصى زاهي حواس
الدور مقدم
942 ## - عناصر المدخل الإضافي( كوها)
مصدر التصنيف او مخطط الترفيف Dewey Decimal Classification
Koha [default] item type كتاب
260 ## - PUBLICATION, DISTRIBUTION, ETC. (IMPRINT)
-- القاهره :
-- المجلس الاعلى للاثار ،
Holdings
حالة التراجع حالة الفقد حالة تلف ليس للاعارة المكان المؤقت الموقع الحالى تاريخ الاكتساب اجمالي اﻻعارات رقم الطلب الباركود تاريخ اخر مشاهدة تاريخ تفعيل السعر نوع وعاء كوها
        مكتبة القاهرة الكبرى مكتبة القاهرة الكبرى 09/07/2014   962.39 ق/ ا س 158709 09/07/2014 09/07/2014 كتاب

Powered By

EGPV